Leaders of Labour and the Conservatives - Statistics

General Stats
  • This quiz has been taken 45 times
  • The average score is 15 of 28
Answer Stats
Hint Answer % Correct
1935-1955 (PM) Clement Attlee
87%
1963-1976 (PM) Harold Wilson
85%
2007-2010 (PM) Gordon Brown
79%
1994-2007 (PM) Tony Blair
79%
1976-1980 (PM) James Callaghan
74%
2019-2022 (PM) Boris Johnson
69%
2022-2024 (PM) Rishi Sunak
69%
2016-2019 (PM) Theresa May
69%
1940-1955 (PM) Winston Churchill
69%
2005-2016 (PM) David Cameron
67%
2022 (PM) Liz Truss
67%
1975-1990 (PM) Margaret Thatcher
67%
1990-1997 (PM) John Major
64%
1965-1975 (PM) Edward Heath
59%
1955-1957 (PM) Anthony Eden
54%
1957-1963 (PM) Harold Macmillan
54%
2015-2020 Jeremy Corbyn
54%
1963-1965 (PM) Alec Douglas-Home
51%
2010-2015 Ed Miliband
49%
2024-present Kemi Badenoch
36%
1980-1983 Michael Foot
33%
1992-1994 John Smith
28%
2020-present (PM) Kier Starmer
28%
2003-2005 Michael Howard
23%
2001-2003 Iain Duncan Smith
21%
1997-2001 William Hague
21%
1955-1963 Hugh Gaitskell
15%
1983-1992 Neil Ninnock
0%
No matching quizzes found
Score Distribution
Percent of People with Each Score
Percentile by Number Answered
Your Score History
You have not taken this quiz